000 00563nam a2200205Ia 4500
005 20250923150007.0
008 008 250917s9999 xx 000 0 eng d
037 _aTextual
040 _aDSWL
_beng
_cDSWL
041 _aeng
_2eng
084 _aY:4375, N97
_qDSWL
100 _aVanaik, Achin
_9841077
245 0 _aCommunalism Contested
_c by Achin Vanaik
260 _aNew Delhi
_b Vistar Publications
_c1997
300 _ax,374 p.
365 _aINR
_b550.00
925 _g550.00
942 _cTEXL
_hY:4375, N97
999 _c1458260
_d1458260